000 00458nam a2200181Ia 4500
003 GCL
008 140319s9999 xx 000 0 eng d
040 _aGCL /
_cGCL
082 0 4 _aCC
_b050.941
_bH E
100 1 _aNELLY HANNA
245 1 0 _aETUDES URBAINES: ANNUAL, TOME 2.1991 /
_cNELLY HANNA
260 _a[S.N] :
_bIFAO ،
_c1991
300 _a275 PP
650 0 4 _aHISTORY
650 0 4 _aPERIODICALS
650 0 4 _aURBAN ANTHROPOLOGY
942 _2ddc
_cBK
999 _c17783
_d17783